000 00800cam a2200157 4500
001 ABS0923
008 000000n1999 000 0 eng u
035 _a(Sirsi) u101464
245 _aConversion of redundant commercial space for residential use.
260 _c1999
490 _aProperty Journal
_vJune 1999, 4-5(2)
520 _aA survey of members by the British Property Federation indicates that many owners and developers do not see conversion as a natural answer to redundant commercial property. There are a number of barriers to conversion which need to be addressed through measures such as flexible planning policies and financial incentives before conversion becomes an attractive option.
650 _aRESIDENTIAL CONVERSIONS
690 _aPROPERTY-COMMERCIAL PROPERTY
942 _n0
999 _c60597
_d60597